LEADER 01828nam 2200445 450 001 9910461105503321 005 20200520144314.0 010 $a1-4629-1717-8 035 $a(CKB)3710000000470401 035 $a(EBL)2190202 035 $a(MiAaPQ)EBC2190202 035 $a(Au-PeEL)EBL2190202 035 $a(OCoLC)919342900 035 $a(EXLCZ)993710000000470401 100 $a20181229d2015 uy 0 101 0 $aeng 135 $aur|n|---||||| 181 $ctxt$2rdacontent 182 $cc$2rdamedia 183 $acr$2rdacarrier 200 10$aLearning Japanese kanji$hVolume 1 $epractice book /$fEriko Sato 205 $aFirst edition. 210 1$aTokyo ;$aRutland, Vermont ;$aSingapore :$cTuttle Publishing,$d[2015] 210 4$dİ2015 215 $a1 online resource 300 $aIncludes indexes. 311 $a0-8048-4493-3 330 $aThis is an invaluable study guide and practice book for learning basic Japanese kanji.Learning Japanese Kanji Practice Book is intended for beginning students, or experienced speakers who need to practice their written Japanese. Kanji are an essential part of the Japanese language and together with kana (hiragana and katakana) comprise written Japanese.This book presents the kanji characters that are most commonly used. All the kanji and related vocabulary words in this book are those that students are expected to know for Level 5 of the Japanese Language Proficiency Test. (JLPT). Characters 606 $aChinese characters$zJapan 608 $aElectronic books. 615 0$aChinese characters 676 $a495.611 700 $aSato$b Eriko$f1962-$0883961 801 0$bMiAaPQ 801 1$bMiAaPQ 801 2$bMiAaPQ 906 $aBOOK 912 $a9910461105503321 996 $aLearning Japanese kanji$91974123 997 $aUNINA